000 00647nam a22002537a 4500
999 _c14455
_d14455
003 OSt
005 20251002165041.0
008 191123s9999 xx 000 0 und d
040 _cAcademia Nacional de Bellas Artes
100 _aBucich, Antonio J.,
245 _aCasi autobiografia de un escritor boquense
260 _aBuenos Aires
_bEditorial Ergon
_c1964
300 _a40 p.
_bilustrado blanco y negro
600 _aREBUFFO, VICTOR L.,
600 _aROSENTHAL, MAURICIO,
600 _aBERDIALES, GERMAN A.,
651 _aARGENTINA
902 _aM
903 _am
904 _am
907 _aimpreso
942 _2ddc
_cLIBRO